| 000 | 00568nam a2200121Ia 4500 | ||
|---|---|---|---|
| 008 | 171212s9999 xx 000 0 und d | ||
| 020 | _a9780833084446 | ||
| 100 | _aPaul, Christopher;Clarke, Colin P.;Serena, Chad C. | ||
| 245 |
_cPaul, Christopher;Clarke, Colin P.;Serena, Chad C. _aMexico Is Not Colombia _bAlternative Historical Analogies for Responding to the Challenge of Violent Drug-Trafficking Organizations, Supporting Case Studies |
||
| 260 |
_bRAND Corporation _c2014 |
||
| 650 | _aPolitical Science | ||
| 856 | _uhttp://www.jstor.org/stable/10.7249/j.ctt7zvzdn | ||
| 999 |
_c352324 _d352324 |
||